ARRUPE JESUIT UNIVERSITY

CORONAVIRUS -STOP THE SPREAD - CLEAN,DISINFECT,COVER

The music of human flesh / (Record no. 126587)

MARC details
000 -LEADER
fixed length control field 00986cam a2200265 a 4500
001 - CONTROL NUMBER
control field 4213560
003 - CONTROL NUMBER IDENTIFIER
control field ARRUPE
005 - DATE AND TIME OF LATEST TRANSACTION
control field 20170808114943.0
008 - FIXED-LENGTH DATA ELEMENTS--GENERAL INFORMATION
fixed length control field 810721s1980 enk 000 0 eng
010 ## - LIBRARY OF CONGRESS CONTROL NUMBER
LC control number 81164063
020 ## - INTERNATIONAL STANDARD BOOK NUMBER
International Standard Book Number 0894102036 (Three Continents Press : pbk.) :
Terms of availability £2.80
020 ## - INTERNATIONAL STANDARD BOOK NUMBER
International Standard Book Number 0894102028 (Three Continents Press : hard)
040 ## - CATALOGING SOURCE
Original cataloging agency DLC
Transcribing agency DLC
Modifying agency DLC
041 1# - LANGUAGE CODE
Language code of text/sound track or separate title engara
050 00 - LIBRARY OF CONGRESS CALL NUMBER
Classification number PJ7820.A7
Item number A24 1980
082 00 - DEWEY DECIMAL CLASSIFICATION NUMBER
Classification number 892/.716
Edition number 19
300 ## - PHYSICAL DESCRIPTION
Dimensions 19 cm.
100 1# - MAIN ENTRY--PERSONAL NAME
Personal name Darwīsh, Maḥmūd.
9 (RLIN) 34627
240 10 - UNIFORM TITLE
Uniform title <a href="Poems.">Poems.</a>
Form subheading Selections.
Language of a work English
245 14 - TITLE STATEMENT
Title The music of human flesh /
Statement of responsibility, etc Mahmoud Darwish ; selected and translated by Denys Johnson-Davies.
260 ## - PUBLICATION, DISTRIBUTION, ETC. (IMPRINT)
Place of publication, distribution, etc London :
Name of publisher, distributor, etc Heinemann ;
Place of publication, distribution, etc Washington, D.C. :
Name of publisher, distributor, etc Three Continents Press,
Date of publication, distribution, etc 1980.
300 ## - PHYSICAL DESCRIPTION
Extent xix, 71 p. ;
440 #0 - SERIES STATEMENT/ADDED ENTRY--TITLE
Title Arab authors ;
Volume number/sequential designation 7
9 (RLIN) 34628
600 10 - SUBJECT ADDED ENTRY--PERSONAL NAME
Personal name Darwīsh, Maḥmūd
General subdivision Translations into English.
9 (RLIN) 34629
906 ## - LOCAL DATA ELEMENT F, LDF (RLIN)
a 7
b cbc
c orignew
d 3
e ncip
f 19
g y-gencatlg
942 ## - ADDED ENTRY ELEMENTS (KOHA)
Source of classification or shelving scheme Library of Congress Classification
Koha item type Monograph ( Printed materials)
Holdings
Withdrawn status Lost status Source of classification or shelving scheme Damaged status Not for loan Collection code Home library Current library Shelving location Date acquired Total Checkouts Full call number Barcode Date last seen Price effective from Koha item type
    Library of Congress Classification     Main Collection ARRUPE LIBRARY ARRUPE LIBRARY Main Collection 08/08/2017   PJ7820.A7 A24 1980 46500025450 27/02/2019 08/08/2017 Monograph ( Printed materials)

 

Arrupe Library. PO Box MP320 Mt Pleasant, Harare, Zimbabwe
263 242 745411|librarian@aju.ac.zw